Дело по отношению генерал-лейтенанта Дубельта с просьбой вдовы титулярного советника Екатерины Паль о взыскании с киевского трет...

Доступно только в Электронных читальных залах Найти на картеНа карте
RUSMARC
00003760nmc2a22000003x 450
0017c99dd0b-52c8-4d32-a51f-f9633ec19cb2
00520181012203944.0
100##$a20161006l18491851k l0rusy0189 ca
1010#$arus
102##$aRU
2001#$aДело по отношению генерал-лейтенанта Дубельта с просьбой вдовы титулярного советника Екатерины Паль о взыскании с киевского третьей гильдии купца Машеля 572 рублей серебром
$j7 мая 1849 г. - 12 декабря 1851 г.
251##$cДело
300##$aДело
801#0$aRU
$bРГИА
$c20161006
$gRCR
801#1$aRU
$bГлавНИВЦ
$c20161006
$2rusmarc
801#2$aRU
$bПБ им. Б.Н. Ельцина
$c20181012
$gRCR
$2rusmarc
850##$aРГИА
852##$aРГИА
$eФедеральное казенное учреждение "Российский государственный исторический архив" (РГИА)
$j1900
937##$hРГИА
$d12216930
$aASBIBLIO_SCAN
462#0$10011f2612a5-dcc7-4853-9c3b-606260869072
$12001
$a1848-1849 гг. Дела Департамента полиции исполнительной МВД за 1849 г.
$1251
$cОпись
$1852
$j11
461#0$10013e300ed0-cd39-49af-8489-5ba5b90fa401
$12001
$aДепартамент полиции исполнительной МВД
$1251
$cФонд
$1852
$j1286
215##$a27 л.
$d36,5х26 см
371##$aДокумент не является опубликованным и широко распространяемым
105##$ay###
1222#$ad
035##$a7c99dd0b-52c8-4d32-a51f-f9633ec19cb2
856##$uhttp://readingroom.main.prlib.ru/item.aspx?id_node=n119262911&mode=full
Формат отображения